00516nam a2200145Ia 4500999001500000003000400015008004100019100002600060245002400086260003900110300000700149650001800156942001200174952018400186 c6753d6753OSt191201s2010 xx 000 0 und d aCERVANTES, Miguel De  0aDon Quixote Part II bKALYANI NAVYUG MEDIA PVT LTDc2010 a68 aGeneral Books 2ddccBK 00102ddc40708GENERALaPIETbPIETd2020-07-21eKalyani Nav yug Media Pvt Ltd.g250.00k271l0o863.3 CEDp30255r2019-12-04 00:00:00v137.50w2018-08-31yBKzStories and Novels